Fragmentos de épica griega arcaica / (Registro nro. 173547)

Detalles MARC
000 -LEADER
campo de control de longitud fija 00845nam a2200253 i 4500
001 - NÚMERO DE CONTROL
campo de control 173547
003 - IDENTIFICADOR DE NÚMERO DE CONTROL
campo de control ES-MaACL
005 - FECHA Y HORA DE LA ÚLTIMA TRANSACCIÓN
campo de control 20230906215253.0
008 - DATOS DE LONGITUD FIJA--INFORMACIÓN GENERAL
campo de control de longitud fija 091207r1979 sp |||| | spa d
020 ## - NÚMERO INTERNACIONAL ESTÁNDAR DEL LIBRO
Número Internacional Estándar del Libro 84-249-3524-1
080 ## - NÚMERO DE LA CLASIFICACIÓN DECIMAL UNIVERSAL
Número de la Clasificación Decimal Universal 875-13.09
080 ## - NÚMERO DE LA CLASIFICACIÓN DECIMAL UNIVERSAL
Número de la Clasificación Decimal Universal 875-13(082.2)
245 00 - MENCIÓN DEL TÍTULO
Título Fragmentos de épica griega arcaica /
Mención de responsabilidad, etc. introducción, traducción [del griego] y notas de Alberto Bernabé Pajares.
260 ## - PUBLICACIÓN, DISTRIBUCIÓN, ETC.
Lugar de publicación, distribución, etc. Madrid :
Nombre del editor, distribuidor, etc. Gredos,
Fecha de publicación, distribución, etc. [1979]
300 ## - DESCRIPCIÓN FÍSICA
Extensión 40 p. ;
Dimensiones 20 cm.
490 1# - MENCIÓN DE SERIE
Mención de serie Biblioteca clásica Gredos ;
Designación de volumen o secuencia 20
504 ## - NOTA DE BIBLIOGRAFÍA, ETC.
Nota de bibliografía, etc. Bibliografía: p. 16-17.
650 #7 - PUNTO DE ACCESO ADICIONAL DE MATERIA--TÉRMINO DE MATERIA
Término de materia o nombre geográfico como elemento de entrada Poesía épica griega-
Subdivisión general Historia y crítica.
9 (RLIN) 162835
650 #4 - PUNTO DE ACCESO ADICIONAL DE MATERIA--TÉRMINO DE MATERIA
Término de materia o nombre geográfico como elemento de entrada Poesías épicas griegas.
9 (RLIN) 162836
700 1# - ENTRADA AGREGADA--NOMBRE PERSONAL
Nombre de persona Bernabé, Alberto.
9 (RLIN) 28158
830 1# - PUNTO DE ACCESO ADICIONAL DE SERIE-TÍTULO UNIFORME
Título uniforme Biblioteca clásica Gredos ;
Designación de volumen o secuencia 20
9 (RLIN) 177556
852 ## - LOCALIZACIÓN
Ubicación ES-MaACL
Número de control de estantería C-57044
Existencias
Estatus retirado Estado de pérdida Estado de daño No para préstamo Biblioteca de origen Biblioteca actual Ubicación en estantería Fecha de adquisición Fuente de adquisición Total de préstamos Signatura topográfica completa Código de barras Visto por última vez Precio de reemplazo Tipo de ítem Koha
        Biblioteca del Ateneo de Madrid Biblioteca del Ateneo de Madrid Depósito 2 07/12/2009     C-57044 1182126 23/02/2023 23/02/2023 Libro impreso